| 000 | 01398naa a22003497a 4500 | ||
|---|---|---|---|
| 001 | BR0806486 | ||
| 003 | BR-BrBNA | ||
| 005 | 20240918181934.0 | ||
| 007 | ta | ||
| 008 | 230509b bl.||||| |||| 00| 0 por d | ||
| 040 |
_aBR-BrBNA _bpor _cBiblioteca Nacional de Agricultura |
||
| 041 | _a(Pt) | ||
| 072 |
_aF01; L01 _b1930 |
||
| 090 | _aF01 BR0806486 | ||
| 100 | 1 | _aSantos, S.A. dos | |
| 100 | 1 | _aNascimento, M. do P.S.C.B. | |
| 100 | 1 | _aGenro, T.C.M. | |
| 100 | 1 | _aAraújo Filho, J.A. de | |
| 100 | 1 | _aEuclides, V.P.B. | |
| 245 | 1 |
_aForrageira nativas _bpt. 11 Produção Animal |
|
| 260 | 3 |
_aBrasília, DF (Brasil): _c2008. |
|
| 500 | _aAlbuquerque, A.C.S. (ed.); Silva, A.G. da (ed.) Agricultura tropical; quatro décadas de inovações tecnológicas, institucionais e políticas Brasília, DF (Brasil): 2008. p. 1133-1149 (BR0806486-AM)F01 | ||
| 650 | _aPLANTA FORRAGEIRA | ||
| 650 | _aPASTAGEM | ||
| 650 | _aPLANTIO | ||
| 650 | _aNUTRIÇÃO ANIMAL | ||
| 650 | _aPRODUÇÃO | ||
| 650 | _aRENDIMENTO | ||
| 773 | 0 |
_tAgricultura tropical; quatro décadas de inovações tecnológicas, institucionais e políticas _aAlbuquerque, A.C.S. (ed.); Silva, A.G. da (ed.). EMBRAPA Informação Tecnológica, Brasília, DF (Brasil) _b _wF01 BR0806486 _zISBN 978-85-7383-432-1 _gBrasília, DF (Brasil), 2008. p. 1133-1149 |
|
| 909 |
_a202404 _bLucia _c55 _dLucia Elande |
||
| 942 |
_cAM _2AGRIS |
||
| 999 |
_c327620 _d327620 |
||